000 00913nam a2200265Ia 4500
003 OSt
005 20221005112026.0
006 a|||||r|||| 00| 0
007 ta
008 221004b |||||||| |||| 00| 0 hin d
024 _a32569
037 _cTextual
040 _aCRL
_cCRL
_bhin
041 _2hin
_ahin
082 _aO152,1I00x, L9
100 _aसिंह, जयदेव
245 0 _aकबीर वाणी पीयूष
246 _aKabīr vāṇī pīyūṣha
260 _aवाराणसी
_bविश्वविद्यालय प्रकाशन भारत
_c1979
300 _a168पृ.
_ccm.
650 _aहिन्दी साहित्य
700 _a सिंह, वासुदेव
942 _hO152,1I00x, L9
_cTEXL
_2cc
999 _c1023604
_d1023604